000 00293nam a22001337a 4500
008 180224b xxu||||| |||| 00| 0 eng d
020 _a595240001
041 _aeng
080 _a316
100 _a50
101 _aSOC
245 _aAging: Prospects and Isuses
_cDavis, R.H
942 _2udc
_cBK
999 _c43334
_d43334